<?xml version="1.0" encoding="UTF-8"?>
<collection xmlns="http://www.loc.gov/MARC21/slim">
 <record>
  <leader>     na                 </leader>
  <controlfield tag="001">INLIS000000000009498</controlfield>
  <controlfield tag="005">20221103102432</controlfield>
  <datafield tag="035" ind1=" " ind2=" ">
   <subfield code="a">0010-0520009498</subfield>
  </datafield>
  <controlfield tag="008">221103                g          0 ind  </controlfield>
  <datafield tag="020" ind1=" " ind2=" ">
   <subfield code="a">9786022292425</subfield>
  </datafield>
  <datafield tag="041" ind1=" " ind2=" ">
   <subfield code="a">ind</subfield>
  </datafield>
  <datafield tag="082" ind1=" " ind2=" ">
   <subfield code="a">342.598 09</subfield>
  </datafield>
  <datafield tag="084" ind1=" " ind2=" ">
   <subfield code="a">342.598 09 SAM h</subfield>
  </datafield>
  <datafield tag="100" ind1="0" ind2=" ">
   <subfield code="a">Samsul Wahidin</subfield>
  </datafield>
  <datafield tag="245" ind1="1" ind2=" ">
   <subfield code="a">Hukum Pemerintah Daerah Pendulum Otonomi Daerah Dari Masa Ke Masa /</subfield>
   <subfield code="c">Samsul Wahidin</subfield>
  </datafield>
  <datafield tag="250" ind1=" " ind2=" ">
   <subfield code="a">Cet. 1</subfield>
  </datafield>
  <datafield tag="260" ind1=" " ind2=" ">
   <subfield code="a">Yogyakarta :</subfield>
   <subfield code="b">Pustaka Pelajar Offset,</subfield>
   <subfield code="c">2013</subfield>
  </datafield>
  <datafield tag="300" ind1=" " ind2=" ">
   <subfield code="a">vii, 758 hlm. ;</subfield>
   <subfield code="c">23 cm</subfield>
  </datafield>
  <datafield tag="520" ind1=" " ind2=" ">
   <subfield code="a">Buku ini menggambarkan penggerakan pendulum, yang tentunya ,emjadi pelajaran sangat berharga bagaimana merumuskan format otonomi daerah yang sesuai, dan tidak menggerus eksistensi Negara Kesatuan Republik Indonesia. Gambaran tersebut secara rinci bisa dicermati berdasarkan ketentuan Undang-Undang, yang lahir semenjak tahun 1945 sampai dengan pengaturan terakhir yaitu UU No. 12 Tahun 2008</subfield>
  </datafield>
  <datafield tag="650" ind1=" " ind2="4">
   <subfield code="a">Pemerintah daerah</subfield>
  </datafield>
  <datafield tag="650" ind1=" " ind2="4">
   <subfield code="a">Hukum dan legalisasi Indonesia</subfield>
  </datafield>
  <datafield tag="990" ind1=" " ind2=" ">
   <subfield code="a">23613/MKRI-P/I-2015</subfield>
  </datafield>
  <datafield tag="990" ind1=" " ind2=" ">
   <subfield code="a">23615/MKRI-P/I-2015</subfield>
  </datafield>
  <datafield tag="990" ind1=" " ind2=" ">
   <subfield code="a">23614/MKRI-P/I-2015</subfield>
  </datafield>
  <datafield tag="990" ind1=" " ind2=" ">
   <subfield code="a">23612/MKRI-P/I-2015</subfield>
  </datafield>
  <datafield tag="990" ind1=" " ind2=" ">
   <subfield code="a">23613/MKRI-P/I-2015</subfield>
  </datafield>
  <datafield tag="990" ind1=" " ind2=" ">
   <subfield code="a">23615/MKRI-P/I-2015</subfield>
  </datafield>
  <datafield tag="990" ind1=" " ind2=" ">
   <subfield code="a">23614/MKRI-P/I-2015</subfield>
  </datafield>
  <datafield tag="990" ind1=" " ind2=" ">
   <subfield code="a">23612/MKRI-P/I-2015</subfield>
  </datafield>
  <datafield tag="990" ind1=" " ind2=" ">
   <subfield code="a">23615/MKRI-P/I-2015</subfield>
  </datafield>
  <datafield tag="990" ind1=" " ind2=" ">
   <subfield code="a">23613/MKRI-P/I-2015</subfield>
  </datafield>
  <datafield tag="990" ind1=" " ind2=" ">
   <subfield code="a">23614/MKRI-P/I-2015</subfield>
  </datafield>
  <datafield tag="990" ind1=" " ind2=" ">
   <subfield code="a">23612/MKRI-P/I-2015</subfield>
  </datafield>
  <datafield tag="990" ind1=" " ind2=" ">
   <subfield code="a">23614/MKRI-P/I-2015</subfield>
  </datafield>
  <datafield tag="990" ind1=" " ind2=" ">
   <subfield code="a">23613/MKRI-P/I-2015</subfield>
  </datafield>
  <datafield tag="990" ind1=" " ind2=" ">
   <subfield code="a">23615/MKRI-P/I-2015</subfield>
  </datafield>
  <datafield tag="990" ind1=" " ind2=" ">
   <subfield code="a">23612/MKRI-P/I-2015</subfield>
  </datafield>
  <datafield tag="990" ind1=" " ind2=" ">
   <subfield code="a">23612/MKRI-P/I-2015</subfield>
  </datafield>
  <datafield tag="990" ind1=" " ind2=" ">
   <subfield code="a">23613/MKRI-P/I-2015</subfield>
  </datafield>
  <datafield tag="990" ind1=" " ind2=" ">
   <subfield code="a">23615/MKRI-P/I-2015</subfield>
  </datafield>
  <datafield tag="990" ind1=" " ind2=" ">
   <subfield code="a">23614/MKRI-P/I-2015</subfield>
  </datafield>
 </record>
</collection>
